[Event "GER-chT U12"]
[Site "Arendsee"]
[Date "2009.12.30"]
[Round "7.4"]
[White "Volesky, Anna Katharina"]
[Black "Hoffmann, Jens"]
[Result "0-1"]
[WhiteElo "1026"]
[BlackElo "899"]
[PlyCount "120"]
[EventDate "2009.12.27"]
[EventType "team-swiss"]
[EventRounds "7"]
[EventCountry "GER"]
[SourceTitle "EXT 2022"]
[Source "ChessBase"]
[SourceDate "2021.10.06"]
[SourceVersion "1"]
[SourceVersionDate "2021.10.06"]
[SourceQuality "1"]
[WhiteTeam "Ahlen SV U12"]
[BlackTeam "Widdern SC U12"]
[WhiteTeamCountry "GER"]
[BlackTeamCountry "GER"]

1. e4 e5 2. Nf3 Nc6 3. Bc4 Bc5 4. b4 Bb6 5. b5 Nce7 6. Nxe5 d5 7. Bb3 Bd4 8. 0-0 Bxe5 9. d4 Bd6 10. e5 Bb4 11. a3 Ba5 12. c3 f6 13. exf6 Nxf6 14. Re1 0-0 15. Qe2 Re8 16. a4 Bf5 17. Nd2 Bxc3 18. Ra2 Ng6 19. Qd1 Bxd4 20. Nf3 Bc3 21. Ree2 c6 22. Bg5 Bg4 23. Rac2 Bb4 24. Qd4 Rxe2 25. Rxe2 Bxf3 26. gxf3 c5 27. Bxf6 cxd4 28. Bxd8 Rxd8 29. Rc2 a6 30. b6 Nh4 31. Rc7 Nxf3+ 32. Kg2 Nh4+ 33. Kh3 Ng6 34. Rxb7 Bc5 35. a5 Bd6 36. Bxd5+ Kf8 37. Ra7 Nf4+ 38. Kg3 Nxd5+ 39. Kf3 Bb8 40. Ra8 d3 41. Rxa6 Nb4 42. Ra8 d2 43. a6 Rd3+ 44. Kg2 d1Q 45. Rxb8+ Rd8 46. a7 Qg4+ 47. Kf1 Qc4+ 48. Kg2 Qd5+ 49. Kf1 Qd6 50. a8Q Rxb8 51. Qf3+ Ke7 52. Qe4+ Kd7 53. Qg4+ Kc6 54. Qe4+ Kxb6 55. Qe3+ Kb7 56. Qe4+ Nc6 57. Qb1+ Ka8 58. Qa2+ Na7 59. Qe2 Qc6 60. Qd1 Qh1+ 0-1

[Event "GER-chT U12"]
[Site "Arendsee"]
[Date "2009.12.27"]
[Round "1.4"]
[White "Volesky, Anna Katharina"]
[Black "Gungl, Theo"]
[Result "0-1"]
[WhiteElo "1026"]
[BlackElo "1477"]
[PlyCount "74"]
[EventDate "2009.12.27"]
[EventType "team-swiss"]
[EventRounds "7"]
[EventCountry "GER"]
[SourceTitle "EXT 2022"]
[Source "ChessBase"]
[SourceDate "2021.10.06"]
[SourceVersion "1"]
[SourceVersionDate "2021.10.06"]
[SourceQuality "1"]
[WhiteTeam "Ahlen SV U12"]
[BlackTeam "Dresden USV TU U12"]
[WhiteTeamCountry "GER"]
[BlackTeamCountry "GER"]

1. e4 c6 2. d4 d5 3. exd5 cxd5 4. c3 Nf6 5. Nf3 Nc6 6. Bd3 Bg4 7. h3 Bh5 8. 0-0 e6 9. Bf4 Bd6 10. Bxd6 Qxd6 11. Nbd2 0-0 12. Re1 Rfe8 13. Nb3 e5 14. dxe5 Nxe5 15. Nbd4 a6 16. Rc1 Rac8 17. Nf5 Qd8 18. g4 Nfxg4 19. hxg4 Bxg4 20. N5d4 Nxf3+ 21. Nxf3 Rxe1+ 22. Qxe1 Bxf3 23. Qe3 h6 24. Qxf3 Qg5+ 25. Qg3 Qxc1+ 26. Kg2 Qg5 27. Qxg5 hxg5 28. Bf5 Re8 29. Kg3 Re2 30. f3 Rxb2 31. Kg4 Rxa2 32. Kxg5 Ra3 33. Bc8 Rxc3 34. Bxb7 d4 35. f4 d3 36. Bf3 d2 37. Be2 Re3 0-1